000 00938cam a22002531 4500
001 af 47001576
003 DLC
005 20260227110809.0
008 961216s1941 be a b 000 0 dut c
010 _aaf 47001576
035 _a(OCoLC)36095015
040 _aHarvard univ. Library
_cNNC
_dDLC
042 _apremarc
050 0 0 _aND673.G45
_bS3
100 1 _aSchouteet, Albert.
245 0 3 _aDe zestiende-eeuwsche schilder en graveur Marcus Gerards,
_cdoor A. Schouteet ...
260 _aBrugge,
_bDruk. A. & L. Fockenier
_c[1941]
300 _a56 p.
_billus.
_c21 cm.
490 0 _aUitgaven van den Gidsenbond, Brugge,
_v24
500 _aAt head of title: Vereeniging van officieel gediplomeerde gidsen (V. z. w.)--Brugge.
500 _a"Voordracht gehouden in den Gidsenbond op 18 jan. 1941."--p. 3.
504 _aBibliographical references included in "Bijlagen" (p. 45-66)
600 1 0 _aGheeraerts, Marcus,
_dapproximately 1520-
999 _c1307
_d1307